MEDIA LAW (Record no. 25741)

MARC details
000 -LEADER
fixed length control field 00310nam a22001457a 4500
003 - CONTROL NUMBER IDENTIFIER
control field SGT
020 ## - INTERNATIONAL STANDARD BOOK NUMBER
International Standard Book Number 9788194808039
082 ## - DEWEY DECIMAL CLASSIFICATION NUMBER
Classification number 343.099
Item number NAN
100 ## - MAIN ENTRY--PERSONAL NAME
Personal name NANDA SUKANTA K
245 ## - TITLE STATEMENT
Title MEDIA LAW
250 ## - EDITION STATEMENT
Edition statement 2
260 ## - PUBLICATION, DISTRIBUTION, ETC. (IMPRINT)
Place of publication, distribution, etc PRAYAGRAJ
Name of publisher, distributor, etc CENTRAL LAW PUBLICATION
Year of Publication 2023
300 ## - PAGE DESCRIPTION
No. of Pages 497
942 ## - ADDED ENTRY ELEMENTS (KOHA)
Source of classification or shelving scheme Dewey Decimal Classification
Koha item type Books
942 ## - ADDED ENTRY ELEMENTS (KOHA)
-- 2
Holdings
Withdrawn status Lost status Source of classification or shelving scheme Damaged status Not for loan Collection code Home library Current library Shelving location Date acquired Vendor Name Cost, normal purchase price SGTU Bill Number Full call number Accession No. (Barcode) Date last seen Bill Date Koha item type Total Checkouts Date last borrowed
    Dewey Decimal Classification   Not For Loan LAW SGT Science & Social Sciences Library SGT Science & Social Sciences Library Reference Book 24/02/2024 COMMERCIAL BOOK HOUSE 450.00 SGTU 2075 343.099 NAN FL3253 24/02/2024 06/02/2024 Books    
    Dewey Decimal Classification     LAW SGT Science & Social Sciences Library SGT Science & Social Sciences Library Text Book 24/02/2024 COMMERCIAL BOOK HOUSE 450.00 SGTU 2075 343.099 NAN FL3254 13/10/2025 06/02/2024 Books 1 29/09/2025
    Dewey Decimal Classification     LAW SGT Science & Social Sciences Library SGT Science & Social Sciences Library Text Book 24/02/2024 COMMERCIAL BOOK HOUSE 450.00 SGTU 2075 343.099 NAN FL3255 11/11/2025 06/02/2024 Books 4 07/11/2025
    Dewey Decimal Classification     LAW SGT Science & Social Sciences Library SGT Science & Social Sciences Library Text Book 24/02/2024 COMMERCIAL BOOK HOUSE 450.00 SGTU 2075 343.099 NAN FL3256 06/10/2025 06/02/2024 Books 5 03/10/2025
    Dewey Decimal Classification     LAW SGT Science & Social Sciences Library SGT Science & Social Sciences Library Text Book 24/02/2024 COMMERCIAL BOOK HOUSE 450.00 SGTU 2075 343.099 NAN FL3257 03/10/2025 06/02/2024 Books 4 22/09/2025